000 00580nam a2200229Ia 4500
003 OSt
005 20220924134810.0
006 a|||||r|||| 00| 0
007 ta
008 220923b |||||||| |||| 00| 0 ben d
024 _a287306
037 _cTextual
040 _aARTS
_cARTS
_bben
041 _2ben
_aben
082 _aA, 152N2
100 _aGhosh Partha
_9209279
245 0 _aBishwaprakriti o manush
_b Adhunik bijnan - er ruparekha
260 _c1992
650 _aSCIENCE
942 _hA, 152N2
_cTEXL
_2CC
999 _c438637
_d438637